Foundations of nursing and first aid / (Record no. 468)
[ view plain ]
| 000 -LEADER | |
|---|---|
| fixed length control field | 00874nam a22002537a 4500 |
| 003 - CONTROL NUMBER IDENTIFIER | |
| control field | OSt |
| 005 - DATE AND TIME OF LATEST TRANSACTION | |
| control field | 20210219161338.0 |
| 008 - FIXED-LENGTH DATA ELEMENTS--GENERAL INFORMATION | |
| fixed length control field | 210219b ||||| |||| 00| 0 eng d |
| 020 ## - INTERNATIONAL STANDARD BOOK NUMBER | |
| International Standard Book Number | 0582777070 |
| 020 ## - INTERNATIONAL STANDARD BOOK NUMBER | |
| International Standard Book Number | 9780582777071 |
| 040 ## - CATALOGING SOURCE | |
| Original cataloging agency | PHNSL |
| Transcribing agency | PHNSL |
| 245 ## - TITLE STATEMENT | |
| Title | Foundations of nursing and first aid / |
| Statement of responsibility, etc. | D.S. Usman ... [et al]. |
| 250 ## - EDITION STATEMENT | |
| Edition statement | 6th ed. |
| 260 ## - PUBLICATION, DISTRIBUTION, ETC. | |
| Place of publication, distribution, etc. | Edinburgh : |
| -- | New York : |
| Name of publisher, distributor, etc. | Churchill Livingstone, |
| Date of publication, distribution, etc. | 1983. |
| 300 ## - PHYSICAL DESCRIPTION | |
| Extent | x, 362 p. : |
| Other physical details | ill. |
| 490 ## - SERIES STATEMENT | |
| Series statement | Tropical health series |
| 500 ## - GENERAL NOTE | |
| General note | Revised edition of: Foundations of nursing and first aid / by Janet S. Ross, Kathleen J.W. Wilson. 5th ed. 1970. |
| 501 ## - WITH NOTE | |
| With note | Includes index. |
| 650 ## - SUBJECT ADDED ENTRY--TOPICAL TERM | |
| Topical term or geographic name entry element | Nursing |
| Form subdivision | First aid in illness and injury |
| General subdivision | First Aid |
| 650 ## - SUBJECT ADDED ENTRY--TOPICAL TERM | |
| Topical term or geographic name entry element | Nursing Care |
| 700 ## - ADDED ENTRY--PERSONAL NAME | |
| Personal name | Usman, D. S. |
| 700 ## - ADDED ENTRY--PERSONAL NAME | |
| Personal name | Ross, Janet S. |
| Relator term | Foundations of nursing and first aid. |
| 942 ## - ADDED ENTRY ELEMENTS (KOHA) | |
| Source of classification or shelving scheme | Library of Congress Classification |
| Koha item type | Books |
| Withdrawn status | Lost status | Source of classification or shelving scheme | Damaged status | Not for loan | Home library | Current library | Shelving location | Date acquired | Total Checkouts | Full call number | Barcode | Date last seen | Copy number | Price effective from | Koha item type | Public note |
|---|---|---|---|---|---|---|---|---|---|---|---|---|---|---|---|---|
| Library of Congress Classification | Public Health Nurses School | Public Health Nurses School | General Stacks | 02/19/2021 | RT41.F82 | 00758 | 02/19/2021 | c.1 | 02/19/2021 | Books | soa 19/02/21 | |||||
| Library of Congress Classification | Public Health Nurses School | Public Health Nurses School | General Stacks | 02/19/2021 | RT41.F82 | 00759 | 02/19/2021 | c.2 | 02/19/2021 | Books | soa 19/02/21 | |||||
| Library of Congress Classification | Public Health Nurses School | Public Health Nurses School | General Stacks | 02/19/2021 | RT41.F82 | 00760 | 02/19/2021 | c.3 | 02/19/2021 | Books | soa 19/02/21 |
